Geography Quiz

Random Geography or State Quiz
Score 0/16 Timer 05:00
4 Plays Today
Hint State % Correct
StateRhode Island
92.6%
State Sharing a Land Border With MexicoArizona
85.9%
State Bordering the Gulf of MexicoLouisiana
83%
State Sharing a Land Border With CanadaNew Hampshire
81.1%
Four Corners StateUtah
77.9%
State Bordering TennesseeKentucky
69.6%
State Not Among the Original 13 American ColoniesVermont
63.5%
One Word StateDelaware
60.5%
Hint State % Correct
State Whose Name Begins with a VowelIndiana
56.5%
State Beginning and Ending with the Same LetterOhio
47.5%
State Referred to as a 'Commonwealth'Massachusetts
47.4%
State to Have Joined the Confederate States of AmericaSouth Carolina
42.2%
State Home to a Big Four (NFL, NBA, MLB, NHL) Sports TeamNew Jersey
38.6%
State Containing 15 Million+ People (2009 US Census Bureau Estimates)New York
36.2%
State Whose Name Ends in 'a'West Virginia
35.8%
State Admitted to the Union Between 1800 and 1850Maine
17.3%
Remove Ads.
Support Sporcle.
Get the best of Sporcle when you Go Orange. This ad-free experience offers more features, more stats, and more fun while also helping to support Sporcle. Thank you for becoming a member.

You're not logged in!

Compare scores with friends on all Sporcle quizzes.
OR
Log In

Show Comments

Extras

Top Quizzes Today


Score Distribution

Your Account Isn't Verified!

In order to create a playlist on Sporcle, you need to verify the email address you used during registration. Go to your Sporcle Settings to finish the process.

Report this User

Report this user for behavior that violates our Community Guidelines.

Details: